Statistics for NFL players that has thrown a TD in the 2022-2023 nfl season

Click here to take the quiz!

General Stats

  • This quiz has been taken 34 times
  • The average score is 43 of 72

Answer Stats

Team# of TdsAnswer% Correct
Packers26Aaron Rodgers
100%
Raiders24Derek Carr
100%
Seahawks30Geno Smith
100%
Eagles22Jalen Hurts
100%
Lions29Jared Goff
100%
Bengals35Joe Burrow
100%
Bills35Josh Allen
100%
Bears17Justin Fields
100%
Chargers25Justin Herbert
100%
Vikings
29Kirk Cousins
100%
Buccaneers25Tom Brady
100%
Jaguars25Trevor Lawrence
100%
Dolphins25Tua Tagovailoa
100%
Cowboys23Dak Prescott
97%
Texans2Kyle Allen
97%
Ravens17Lamar Jackson
97%
Cheifs41Patrick Mahomes
97%
49ers13Brock Purdy
94%
Broncos16Russell Wilson
94%
Jets6Zach Wilson
94%
Rams/Panthers10Baker Mayfield
91%
Patriots14Mac Jones
91%
Giants15Danial Jones
88%
Texans17Davis Mills
84%
Cardinals14Kyler Murray
84%
Browns7Deshaun Watson
81%
Rams10Matthew Stafford
81%
Saints18Andy Dalton
78%
Packers1Jordan Love
78%
Colts14Matt Ryan
78%
Saints4Jameis Winston
75%
Steelers7Kenny Pickett
72%
Titans13Ryan Tannehill
72%
Panthers7Sam Darnold
72%
Falcons2Desmond Ridder
69%
Commanders1Sam Howell
69%
Eagles3Gardner Minshew
59%
Saints2Taysom Hill
59%
Patriots5Bailey Zappe
56%
Titans2Joshua Dobbs
56%
Commanders11Carson Wentz
53%
Jets5Joe Flacco
53%
Falcons15Marcus Mariota
53%
Steelers4Mitchell Trubisky
53%
Dolphins4Teddy Bridgewater
50%
Cowboys5Cooper Rush
47%
Browns12Jacoby Brissett
47%
Titans1Derrick Henry
44%
Panthers/49ers1Christian McCaffrey
41%
Jets3Mike White
41%
Ravens2Tyler Huntley
41%
Panthers3PJ Walker
34%
Giants1Tyrod Taylor
34%
Cardinals1Colt McCoy
28%
Steelers/Bears1Chase Claypool
25%
Vikings1Nick Mullens
25%
Colts3Sam Ehlinger
25%
Bears1Trevor Siemian
25%
Raiders4Jarrett Stidham
22%
Dolphins1Skyler Thompson
19%
Buccaneers1Blaine Gabbert
16%
Rams1Bryce Perkins
16%
49ers16Jimmy Garapolo
16%
Rams1John Wolford
16%
Bears1Nathan Peterman
16%
Cardinals2David Blough
13%
Broncos2Brett Rypien
9%
Giants1Davis Webb
9%
Texans1Jeff Driskel
9%
Jets1Braxton Berrios
3%
Commanders12Taylor Heinckie
3%
Chargers1Chase Daniels
0%

Score Distribution

Percentile by Number Answered

Percent of People with Each Score

Your Score History

You have not taken this quiz